| 000 | 00692nam a2200193 i 4500 | ||
|---|---|---|---|
| 001 | 78763 | ||
| 003 | ES-MaACL | ||
| 005 | 20230906173815.0 | ||
| 007 | t| | ||
| 008 | 041015s1928 gw ||||1| ger d | ||
| 100 | 1 |
_aHegel, Georg Wilhelm Friedrich. _962316 |
|
| 245 | 1 | 0 |
_aSèamtliche werke / _cGeorg Wilhelm Friedrich Hegel ; herausgegeben von Georg Lasson. |
| 260 |
_aLeipzig : _bFelix Meiner, _c1928. |
||
| 300 |
_av. ; _c19 cm. |
||
| 500 | _aFaltan v.1, v.3, v.5. | ||
| 505 | 8 | _aContiene: V. II: Phèaemenologie des geistes. -- V. III-IV: Wissenschaft der logik. -- V. VI: Grundlinien der Philosophie des Reschts | |
| 700 | 1 |
_aLasson, Georg. _970484 |
|
| 852 |
_aES-MaACL _jB-11900-903 |
||
| 999 |
_c78763 _d78763 |
||